Religión: Opio o instrumento de liberación?

Kaydedildi:
Detaylı Bibliyografya
Yazar: Alves, Rubem A (Yazar)
Materyal Türü: Kitap
Dil:İspanyolca
Baskı/Yayın Bilgisi: Montevideo Tierra Nueva 1970
Konular:
Etiketler: Etiketle
Etiket eklenmemiş, İlk siz ekleyin!

MARC

LEADER 00000cam a2200000 a 4500
001 UCH1877
003 CL-VaPUC
008 090514e19700800UY |||||||||||||||||spa|d
082 0 4 |a 239.93  |b ALV  |2 21 
100 0 |a Alves, Rubem A  |e author  |9 536457 
245 1 0 |a Religión: Opio o instrumento de liberación? 
300 |a 257 p 
942 |c BK 
945 |d 20090514 00:00:00  |a dcastane 
260 |a Montevideo  |b Tierra Nueva  |c 1970 
650 0 |a Religión   |9 255164 
650 7 |a POLEMICAS CRISTIANAS  |2 CL-VaPUC  |9 536458 
650 0 |a Filosofía de la religión   |9 256017 
583 |a last modification  |c 20121007 10:36:41  |k Rodrigo Vera 
999 |c 333774  |d 333772 
952 |0 0  |1 0  |4 0  |6 239_930000000000000_ALV_1970  |7 0  |8 X  |9 422377  |a FDOBUD  |b FDOBUD  |d 2019-11-22  |i 4547195  |o 239.93 ALV 1970  |p 4547195  |r 2019-11-22  |w 2019-11-22  |y BK_X  |k BUD